[Event "Nairobi County-ch"]
[Site "Karen"]
[Date "2025.05.31"]
[Round "2"]
[White "Omolo, Keneth"]
[Black "Hugh, Misiko Okonga"]
[Result "0-1"]
[WhiteElo "1958"]
[BlackElo "1880"]
[PlyCount "76"]
[EventDate "2025.05.31"]
[EventType "swiss"]
[EventRounds "8"]
[EventCountry "KEN"]
[SourceTitle "CB24_2025"]
[SourceDate "2025.06.11"]
[SourceVersion "1"]
[SourceVersionDate "2025.06.11"]
[SourceQuality "1"]

1. d4 Nf6 2. c4 e6 3. Nf3 b6 4. Nc3 Bb7 5. Bg5 Bb4 6. Rc1 h6 7. Bxf6 Qxf6 8. a3 Bxc3+ 9. Rxc3 d6 10. g3 c5 11. d5 e5 12. Qa4+ Ke7 13. Bg2 Bc8 14. Nxe5 Bd7 15. Qd1 Re8 16. Rf3 Bf5 17. Nd3 Kf8 18. 0-0 Qg5 19. Rf4 Nd7 20. e4 Bg6 21. h4 Qe7 22. Re1 Ne5 23. Nxe5 dxe5 24. h5 exf4 25. hxg6 fxg3 26. fxg3 Qe5 27. gxf7 Re7 28. Rf1 Rxf7 29. Rxf7+ Kxf7 30. Qf3+ Ke7 31. Qg4 h5 32. Qg6 Rf8 33. Qc6 Rd8 34. Qg6 Rd6 35. Qh7 Qxg3 36. Qxh5 Qe3+ 37. Kh2 Rh6 38. d6+ Kxd6 0-1

[Event "Kitale op"]
[Site "Kitale"]
[Date "2023.05.14"]
[Round "4"]
[White "Hugh, Misiko Okonga"]
[Black "Methu, Joseph Muraga"]
[Result "1/2-1/2"]
[WhiteElo "1863"]
[BlackElo "1969"]
[PlyCount "71"]
[EventDate "2023.05.13"]
[EventType "swiss"]
[EventRounds "6"]
[EventCountry "KEN"]
[SourceTitle "EXT 2024"]
[Source "ChessBase"]
[SourceDate "2023.10.10"]
[SourceVersion "1"]
[SourceVersionDate "2023.10.10"]
[SourceQuality "1"]

1. e4 g6 2. Nc3 Bg7 3. f4 c5 4. Nf3 Nc6 5. Bb5 e6 6. Bxc6 dxc6 7. e5 Nh6 8. Ne4 0-0 9. Nxc5 Qd5 10. d4 b6 11. Nd3 Nf5 12. Nb4 Qb5 13. c3 c5 14. a4 Qe8 15. Nc2 Ba6 16. Ne3 Qc6 17. Nxf5 exf5 18. d5 Qd7 19. Kf2 Rad8 20. d6 Rfe8 21. Re1 Bb7 22. a5 Bc6 23. axb6 axb6 24. b4 f6 25. bxc5 bxc5 26. Ba3 Be4 27. Bxc5 fxe5 28. Nxe5 Bxe5 29. fxe5 Rxe5 30. Qd4 Rd5 31. Qe3 Rd3 32. Ra7 Qxa7 33. Bxa7 Rxe3 34. Rxe3 Rxd6 35. Bd4 Ra6 36. Re2 1/2-1/2

[Event "Kitale op"]
[Site "Kitale"]
[Date "2023.05.14"]
[Round "5"]
[White "Okeyo, Austin Steve"]
[Black "Hugh, Misiko Okonga"]
[Result "1/2-1/2"]
[WhiteElo "1790"]
[BlackElo "1863"]
[PlyCount "95"]
[EventDate "2023.05.13"]
[EventType "swiss"]
[EventRounds "6"]
[EventCountry "KEN"]
[SourceTitle "EXT 2024"]
[Source "ChessBase"]
[SourceDate "2023.10.10"]
[SourceVersion "1"]
[SourceVersionDate "2023.10.10"]
[SourceQuality "1"]

1. d4 e6 2. e4 d5 3. Nd2 dxe4 4. Nxe4 Nd7 5. Nf3 Ngf6 6. Nxf6+ Nxf6 7. Bc4 c5 8. 0-0 cxd4 9. Nxd4 a6 10. Be3 Qc7 11. Be2 Bd6 12. h3 Nd5 13. Bd2 b5 14. Bf3 Bb7 15. Qe2 0-0 16. Rac1 Rac8 17. c3 Rfd8 18. Bg5 Re8 19. Rfd1 h6 20. Bd2 Red8 21. Qe4 Ba8 22. Qe2 Qc4 23. Ra1 Qxe2 24. Nxe2 Nf6 25. Bxa8 Rxa8 26. Bf4 Bc5 27. Be5 Ne4 28. Bd4 Bxd4 29. Nxd4 Rd6 30. f3 Nc5 31. Nb3 Nxb3 32. axb3 Rad8 33. Rxd6 Rxd6 34. b4 Kf8 35. Kf2 Ke7 36. Ke3 Kf6 37. g3 h5 38. h4 g5 39. hxg5+ Kxg5 40. Ra5 f5 41. Ra1 e5 42. f4+ exf4+ 43. gxf4+ Kg4 44. Rg1+ Kh3 45. Rh1+ Kg3 46. Rg1+ Kh4 47. Rh1+ Kg3 48. Rg1+ 1/2-1/2

[Event "Africa-ch U2000"]
[Site "Mombasa"]
[Date "2022.11.29"]
[Round "4"]
[White "Abdulkadir, Mohamed Warsame"]
[Black "Hugh, Misiko Okonga"]
[Result "0-1"]
[WhiteElo "1865"]
[BlackElo "1785"]
[PlyCount "96"]
[EventDate "2022.11.27"]
[EventType "swiss"]
[EventRounds "9"]
[EventCountry "KEN"]
[SourceTitle "EXT 2024"]
[Source "ChessBase"]
[SourceDate "2023.10.10"]
[SourceVersion "1"]
[SourceVersionDate "2023.10.10"]
[SourceQuality "1"]

1. c4 f5 2. g3 Nf6 3. Bg2 e6 4. Nc3 d5 5. cxd5 exd5 6. Nf3 c6 7. e3 Bd6 8. b3 0-0 9. Bb2 a5 10. 0-0 Qe8 11. Ne2 Na6 12. a3 Nc5 13. d3 a4 14. Ned4 Nxb3 15. Nxb3 axb3 16. Qxb3 Kh8 17. Rfe1 Ng4 18. Qc3 Qg6 19. h3 Nf6 20. a4 Nd7 21. a5 Nb8 22. e4 fxe4 23. dxe4 dxe4 24. Nh4 Qf7 25. Qc2 Nd7 26. Bxe4 Nf6 27. Ng6+ hxg6 28. Bxg6 Qd5 29. Rad1 Qc5 30. Qd3 Bxh3 31. Qxd6 Qxd6 32. Rxd6 Rxa5 33. Bxf6 gxf6 34. Re7 Bc8 35. Rd4 Bf5 36. Rh4+ Kg8 37. Rhh7 Rfa8 38. Reg7+ Kf8 39. Rxb7 Kg8 40. Rbg7+ Kf8 41. Rf7+ Kg8 42. Rfg7+ Kf8 43. Rb7 Kg8 44. Bxf5 Rxf5 45. Rbc7 c5 46. Kg2 Re8 47. f4 Rd8 48. Kh3 c4 0-1

[Event "KEN-ch"]
[Site "Nairobi"]
[Date "2021.12.26"]
[Round "2"]
[White "Hinga, Githinji"]
[Black "Hugh, Misiko Okonga"]
[Result "0-1"]
[WhiteElo "1970"]
[BlackElo "1661"]
[PlyCount "138"]
[EventDate "2021.12.26"]
[EventType "swiss"]
[EventRounds "9"]
[EventCountry "KEN"]
[SourceTitle "EXT 2023"]
[Source "ChessBase"]
[SourceDate "2022.10.05"]
[SourceVersion "1"]
[SourceVersionDate "2022.10.05"]
[SourceQuality "1"]

1. e4 d5 2. Nc3 d4 3. Nce2 c5 4. Ng3 e5 5. Bc4 Nf6 6. Nf3 Bd6 7. d3 Nc6 8. a3 b5 9. Ba2 0-0 10. Qe2 a5 11. 0-0 Bd7 12. Bg5 h6 13. Bd2 Ne7 14. Nh4 Qc8 15. h3 Be6 16. Qf3 Bxa2 17. Rxa2 Qe6 18. Raa1 Kh7 19. Nhf5 Rfc8 20. Kh2 c4 21. Rad1 cxd3 22. cxd3 b4 23. Bc1 Nxf5 24. Nxf5 bxa3 25. bxa3 Bf8 26. Rg1 g6 27. g4 Nd7 28. Qg3 Rc3 29. Qh4 Rxc1 30. Rxc1 gxf5 31. gxf5 Qf6 32. Qxf6 Nxf6 33. Rc7 Nh5 34. Rxf7+ Kh8 35. a4 Nf4 36. Rg3 Nh5 37. Rg6 Nf4 38. Rg3 Nh5 39. Rf3 Kg8 40. Rb7 Rc8 41. f6 Nf4 42. Rg3+ Kh8 43. f7 Kh7 44. Rg8 Nxd3 45. Kg3 Nc5 46. Rb5 Nxe4+ 47. Kg2 Nd6 48. Rxa5 Nxf7 49. Rg3 Rc7 50. Rd5 Bg7 51. h4 Bf6 52. Kh3 Ra7 53. a5 Bd8 54. a6 Rxa6 55. Rf3 Rf6 56. Kg4 h5+ 57. Kg3 Rxf3+ 58. Kxf3 Bxh4 59. Kg2 Bg5 60. f3 Kg6 61. Kg3 Kf5 62. Rd7 Bf4+ 63. Kf2 Ng5 64. Rd6 h4 65. Rh6 h3 66. Ke2 h2 67. Kf2 d3 68. Kg2 d2 69. Rd6 Nxf3 0-1